000 00868nam a2200289 i 4500
001 13182
003 ES-MaACL
005 20230906150521.0
007 t|
008 961217s1995 sp ||||0| spa j
020 _a84-8215-023-5
040 _aM-BN
_bspa
_cM-BN
080 _a7.036(064.3)
111 2 _aArco 95 (
_d1995.
_cMadrid)
_94
245 1 0 _aARCO'95
_b: memoria = ARCO'95: report /
_ctraducción, S.L.I.
260 _aMadrid :
_bIFEMA,
_c1995.
300 _a176 p :
_bil ;
_c21 cm.
500 _aTít. tomado de la cub.
500 _aTexto en español y traducción en inglés.
650 4 _aArte-
_yS.XX-
_vExposiciones.
_910140
655 7 _2tgfbne
_9193628
_aCatálogos de exposiciones
710 2 _aIFEMA.
_94638
852 _aES-MaACL
_jL-20538
_bR.124313
942 _2udc
999 _c13182
_d13182